|
|
|
|
| LEADER |
00000nab a2200000 a 4500 |
| 001 |
vtls000846925 |
| 003 |
SK-MaSNL |
| 005 |
20260304235545.0 |
| 008 |
160405c2003 xo 0 slo |
| 015 |
|
|
|a SNBRB2003/10-26450
|
| 035 |
|
|
|a CLN000198580
|
| 040 |
|
|
|a SNKBUCL
|b slo
|c SNKBUCL
|e AACR2
|
| 041 |
0 |
|
|a slo
|
| 044 |
|
|
|a xo
|c SK
|
| 080 |
|
|
|a 613.2:663.2
|2 1997
|
| 080 |
|
|
|a 663.2
|2 1997
|
| 080 |
|
|
|a 612.393
|2 1997
|
| 100 |
1 |
|
|a Kajaba, Igo,
|d 1936-2022
|4 aut
|9 54490
|
| 245 |
1 |
0 |
|a Obsahujú vína aj ochranné látky?
|c Igo Kajaba
|
| 650 |
0 |
7 |
|a víno
|x antioxidanty
|x bioflavonoidy
|2 snkbucl
|9 1573224
|
| 650 |
0 |
7 |
|a antioxidanty
|2 snkbucl
|9 13472
|
| 650 |
0 |
7 |
|a bioflavonoidy
|2 snkbucl
|9 20712
|
| 655 |
|
7 |
|a články z novín a časopisov
|2 snkbucl
|9 267496
|
| 773 |
0 |
|
|x 0042-6326
|t Vinohrad
|g Roč. 41, č. 3 (2003), s. 10-11
|
| 850 |
|
|
|a Slovenská národná knižnica v Martine
|
| 852 |
|
|
|a SNK
|b KIS3GCP
|
| 958 |
|
|
|a MI
|
| 958 |
|
|
|a RBX
|
| 999 |
|
|
|c 3209366
|d 3211296
|